| 000 | 00696nam a2200217Ia 4500 | ||
|---|---|---|---|
| 999 |
_c36116 _d36116 |
||
| 001 | 2016 | ||
| 003 | GE_BSU | ||
| 005 | 20190422183657.0 | ||
| 008 | 181216s2007||||ru |||||||||||||| ||rus|| | ||
| 020 | _a5238011385 | ||
| 040 | _crus | ||
| 080 | _a340.1(075.8) Р-24 | ||
| 100 |
_aРассолов, М.М. _9341 |
||
| 245 |
_aПроблемы теории государства и права / _bУчебник. для студ.вузов. |
||
| 264 |
_aМосква : _bЮнити.Закон и право, _c2007. |
||
| 300 |
_a431стр. ; _b 21см. |
||
| 541 | _h | ||
| 653 | _aსამართალი | ||
| 653 | _aსამართლის თეორია | ||
| 942 |
_cBK _2udc |
||